| 000 | 00796cam a2200253 4500 | ||
|---|---|---|---|
| 001 | ABS61383 | ||
| 008 | 000000n1999 000 0 eng u | ||
| 035 | _a(Sirsi) u100985 | ||
| 100 | _aCooke, M. | ||
| 245 | 4 | _aThe high cost of the discount rate | |
| 260 | _c1999 | ||
| 490 |
_aHousing Today _v(154) 17 October 1999, 12-13(2) |
||
| 520 | _aExplains the significance of the 'discount rate', a little known financial indicator, to the successful transfer of stock from councils to housing associations. | ||
| 590 | _aABS | ||
| 650 | _aHOUSING ASSOCIATIONS | ||
| 650 | _aLOCAL AUTHORITIES | ||
| 650 | _aTRANSFER OF STOCK | ||
| 650 | _aDISCOUNT RATE | ||
| 650 | _aFINANCIAL INDICATOR | ||
| 650 | _aDETR | ||
| 690 | _aHOUSING-HOUSING FINANCE | ||
| 700 | _aZitron, J. | ||
| 942 | _n0 | ||
| 999 |
_c60269 _d60269 |
||